Quelle est cette page Wikipédia ? #2 - Statistiques

Statistiques générales
  • Ce quiz a été pris 350 fois
  • Le résultat moyen est 47 sur 117
Statistiques - réponses
% Correct
{s} '
99%
{Le}
97%
{le}
97%
{d} '
96%
{à}
94%
{la}
88%
{est}
85%
{de}
81%
{Un}
68%
{Un}
68%
{un}
68%
{des}
64%
{Il}
64%
{il}
64%
{qu} '
60%
{une}
56%
{en}
51%
{ou}
51%
{se}
51%
{du}
47%
{que}
41%
{qui}
40%
{mais}
39%
{ne}
38%
{on}
37%
{plus}
34%
{avec}
33%
{pas}
33%
{jeux}
29%
{peut}
28%
{jeu}
27%
{jeu} ,
27%
{moins}
27%
{deux}
25%
{société}
22%
{sous}
22%
{plusieurs} ,
21%
{seul}
19%
{non}
18%
{agit}
16%
{autre}
16%
{parle}
16%
{consiste}
15%
{forme}
13%
{mots} .
13%
{participant}
13%
{pratique}
13%
({prononcé}
13%
{simple} ,
13%
{Lorsqu} '
12%
{permettant}
12%
{plutôt}
12%
{principe}
12%
{attend}
11%
{générales}
11%
{nombreux}
11%
{choix}
10%
{compétences}.
10%
{connaissances}
10%
{développée}
10%
{différence}
10%
{élaborées} .
10%
«{kouïz}»)
10%
{majeure}
10%
{multiples}
10%
{personnalité}
10%
{présenter}
10%
{procédures}
10%
{questionnaire}
10%
«{questionnaire}»
10%
{quiz} {Quiz} e e e e e e
10%
{quiz} .
10%
{radiophoniques}
10%
{réponse}
10%
{spécifiques}
10%
{suivant}
10%
{télévisés} .
10%
{test}
10%
« {test} »
10%
{tester}
10%
Aucun quiz correspondant
Distribution des résultats
% des personnes avec chaque résultat
Percentile par nombre de réponses
Votre historique - résultats
Vous n’avez pas pris ce quiz